Dirigeants du football en images - Statistiques

Statistiques générales
  • Ce quiz a été pris 114 fois
  • Le résultat moyen est 7 sur 16
Statistiques - réponses
Par images Réponse % Correct
Michel Platini
91%
Florentino Perez
86%
Joan Laporta
81%
Gianni Infantino
73%
Noël le Graët
68%
Nasser Al-Khelaïfi
59%
Sepp Blatter
58%
Philippe Diallo
53%
Aleksander Čeferin
37%
Franz Beckenbauer
37%
Roman Abramovitch
25%
Jules Rimet
15%
Andrea Agnelli
10%
Patrice Motsepe
7%
Joao Havelange
6%
Chuck Blazer
2%
Aucun quiz correspondant
Distribution des résultats
% des personnes avec chaque résultat
Percentile par nombre de réponses
Votre historique - résultats
Vous n’avez pas pris ce quiz